| 000 | 00527nam a2200157 4500 | ||
|---|---|---|---|
| 082 | _aBEE-5 FAR | ||
| 100 | _aFaran Farooq | Muhammad Saad | Muhammad Rizwan Arshad | ||
| 245 | _aSmart monitoring and alarming system | ||
| 260 |
_aIslamabad _bNUST-SEECS _c2017 |
||
| 300 |
_a67p. _eCD Includes |
||
| 563 | _aa | ||
| 856 | _uhttp://10.250.8.41:8080/xmlui/handle/123456789/21070 | ||
| 942 |
_2ddc _cTHE |
||
| 999 |
_c331463 _d331463 |
||